Historia del emperador D. Agustín de Iturbide hasta su muerte y sus consecuencias, y establecimiento de la república popular federal / (Record no. 152889)

MARC details
000 -LEADER
campo de control de longitud fija 00892nam a22002175i 4500
001 - NÚMERO DE CONTROL
campo de control 152889
003 - IDENTIFICADOR DE NÚMERO DE CONTROL
campo de control ES-MaACL
005 - FECHA Y HORA DE LA ÚLTIMA TRANSACCIÓN
campo de control 20251017063106.0
008 - DATOS DE LONGITUD FIJA--INFORMACIÓN GENERAL
campo de control de longitud fija 021001s1846 mx |||| | spa d
040 ## - FUENTE DE CATALOGACIÓN
Centro catalogador/agencia de origen EUS
Lengua de catalogación spa
Centro/agencia transcriptor EUS
080 ## - NÚMERO DE LA CLASIFICACIÓN DECIMAL UNIVERSAL
Número de la Clasificación Decimal Universal 929 Iturbide, Agustín de
080 ## - NÚMERO DE LA CLASIFICACIÓN DECIMAL UNIVERSAL
Número de la Clasificación Decimal Universal 94(72)"1810/21"
100 1# - ENTRADA PRINCIPAL--NOMBRE DE PERSONA
Nombre de persona Bustamante, Carlos María de,
Fechas asociadas al nombre 1774-1848
9 (RLIN) 32864
245 10 - MENCIÓN DEL TÍTULO
Título Historia del emperador D. Agustín de Iturbide hasta su muerte y sus consecuencias, y establecimiento de la república popular federal /
Mención de responsabilidad, etc. su autor el lic. D. Carlos Maria Bustamante.
260 ## - PUBLICACIÓN, DISTRIBUCIÓN, ETC.
Lugar de publicación, distribución, etc. México :
Nombre del editor, distribuidor, etc. [s.n.],
Fecha de publicación, distribución, etc. 1846 (
Fabricante imprenta de I. Cumplido)
300 ## - DESCRIPCIÓN FÍSICA
Extensión 291 p., VII ;
Dimensiones 22 cm.
600 14 - PUNTO DE ACCESO ADICIONAL DE MATERIA--NOMBRE DE PERSONA
Nombre de persona Iturbide, Agustín de-
Subdivisión de forma Biografías.
9 (RLIN) 128216
651 #4 - PUNTO DE ACCESO ADICIONAL DE MATERIA--NOMBRE GEOGRÁFICO
Nombre geográfico México-
Subdivisión general Historia-
Subdivisión cronológica 1810-1821, Guerra de la Independencia.
9 (RLIN) 168986
852 ## - LOCALIZACIÓN
Ubicación ES-MaACL
Número de control de estantería G-1782
Nota libre -- Enc. hol.
Holdings
Estatus retirado Estado de pérdida Estado de daño No para préstamo Colección Biblioteca de origen Biblioteca actual Ubicación en estantería Fecha de adquisición Fuente de adquisición Total de préstamos Signatura topográfica completa Código de barras Visto por última vez Precio de reemplazo Tipo de ítem Koha
        Libros del s. XIX Biblioteca del Ateneo de Madrid Biblioteca del Ateneo de Madrid Depósito 2 17/01/2008     G-1782 1159689 23/02/2023 23/02/2023 Libro impreso antiguo